| 000 | 00433cam a22001818i 4500 | ||
|---|---|---|---|
| 020 | _a9780078024511 (alk. paper) | ||
| 040 | _cDLC | ||
| 082 | 0 | 0 | _a379 MCG 2014 A114 Or. |
| 100 | 1 | _aSpring, Joel H. | |
| 245 | 1 | 0 | _aAmerican education / |
| 250 | _aSixteenth edition. | ||
| 300 | _apages cm | ||
| 650 | 0 | _aEducation | |
| 650 | 0 | _aEducation | |
| 650 | 0 | _aEducational equalization | |
| 650 | 0 | _aEducation and state | |
| 942 | _cEK | ||
| 999 |
_c17445 _d17445 |
||